Anatomía, fisiología y oclusión dentales de Wheeler / (Registro nro. 21602)

Detalles MARC
000 -LEADER
fixed length control field 01270nam a2200325 4500
001 - CONTROL NUMBER
control field 0000016781
003 - CONTROL NUMBER IDENTIFIER
control field CO-CtgCURN
005 - DATE AND TIME OF LATEST TRANSACTION
control field 20250423165809.0
007 - PHYSICAL DESCRIPTION FIXED FIELD--GENERAL INFORMATION
fixed length control field ta
008 - FIXED-LENGTH DATA ELEMENTS--GENERAL INFORMATION
fixed length control field 160627s1994 000 0 eng d
020 ## - INTERNATIONAL STANDARD BOOK NUMBER
International Standard Book Number 9682520819
040 ## - CATALOGING SOURCE
Original cataloging agency CO-CtgCURN
Language of cataloging spa
Transcribing agency coctgcurn
082 0# - DEWEY DECIMAL CLASSIFICATION NUMBER
Classification number 611.314
Item number A819
100 1# - MAIN ENTRY--PERSONAL NAME
Personal name Ash, Major M.
245 10 - TITLE STATEMENT
Title Anatomía, fisiología y oclusión dentales de Wheeler /
Statement of responsibility, etc. Major M. Ash.
250 ## - EDITION STATEMENT
Edition statement 7a ed.
260 ## - PUBLICATION, DISTRIBUTION, ETC.
Place of publication, distribution, etc. Mexico :
Name of publisher, distributor, etc. Interamericana McGraw,
Date of publication, distribution, etc. 1994.
300 ## - PHYSICAL DESCRIPTION
Extent 474 p.
336 ## - CONTENT TYPE
Source rdacontent
337 ## - MEDIA TYPE
Source rdamedia
Media type term sin mediacion
Media type code n
338 ## - CARRIER TYPE
Source rdacarrier
Carrier type term volumen
Carrier type code nc
500 ## - GENERAL NOTE
General note Incluye indice Alfabetico.
505 8# - FORMATTED CONTENTS NOTE
Formatted contents note Erupcion de los dientes.--Dientes deciduos.--Fisiología de los dientes.--Periodonto.--Incisivos superiores permanentes.--Anatomía dental.--Molares permanentes.--Caninos.--Premolares permanentes.--Oclusion.--Cavidades pulpares.--Estructuras dentalestoseas dentales
650 14 - SUBJECT ADDED ENTRY--TOPICAL TERM
Topical term or geographic name entry element Anatomía dental.
908 ## - PUT COMMAND PARAMETER (RLIN)
Put command parameter 160627
942 ## - ADDED ENTRY ELEMENTS (KOHA)
Koha item type Libros
Classification part 611.314
Item part A819
Source of classification or shelving scheme Dewey Decimal Classification
Suppress in OPAC No
Existencias
Withdrawn status Lost status Source of classification or shelving scheme Damaged status Not for loan Collection Home library Current library Shelving location Date acquired Inventory number Total checkouts Full call number Barcode Date last seen Copy number Price effective from Koha item type Public note
    Dewey Decimal Classification     General Miguel Henríquez Emiliani Miguel Henríquez Emiliani General 03/29/2025 008206   611.314 A819 008206 03/29/2025 ej.1 03/29/2025 Libros 610-CIENME
    Dewey Decimal Classification     General Miguel Henríquez Emiliani Miguel Henríquez Emiliani General 03/29/2025 008207   611.314 A819 008207 03/29/2025 ej.2 03/29/2025 Libros 610-CIENME
    Dewey Decimal Classification     General Miguel Henríquez Emiliani Miguel Henríquez Emiliani General 03/29/2025 008208   611.314 A819 008208 03/29/2025 ej.3 03/29/2025 Libros 610-CIENME